000 00431nam a2200169Ia 4500
008 240729s9999 xx 000 0 und d
022 _a2636-7556
245 0 _aResults in Nonlinear Analysis
260 _aTürkiye
260 _bErdal KARAPINAR
650 _a Analysis
650 _a Mathematics
650 _aScience
856 _uhttps://doaj.org/toc/e055732eac094717b6a8265696756813
942 _2ddc
942 _cDOAJEJ
999 _c73107
_d73107
945 _a1
_bMadushi Gamage
_c1
_dMadushi Gamage